[Event "AUTO-ELITE-2575"]
[Site "http://www.queenalice.com/game.php?id=1854007"]
[Date "2025.3.16"]
[Round "1"]
[White "beteljeuxe"]
[Black "BeatifulDevil56"]
[Result "1-0"]
[WhiteElo "2516"]
[BlackElo "2171"]

1. e4 e6 2. d4 d5 3. Nc3 Bb4 4. e5 c5 5. a3 Bxc3+ 6. bxc3 c4 7. Qg4 Qa5 8. Bd2
Kf8 9. g3 Nc6 10. Bg2 Nge7 11. Ne2 h6 12. a4 Bd7 13. O-O Qd8 14. Nf4 Nf5 15. Nh5
Nce7 16. Bc1 g6 17. Nf6 Ng8 18. Nxd7+ Qxd7 19. h4 h5 20. Qe2 Kg7 21. Bg5 Kh7 22.
Qd2 Nge7 23. Rfb1 b6 24. Qf4 Rhb8 25. f3 Ng8 26. g4 hxg4 27. fxg4 Ng7 28. Rf1
Re8 29. Qxf7 Qxf7 30. Rxf7 Rf8 31. Raf1 Rxf7 32. Rxf7 Nh6 33. Rd7 Nxg4 34. Bh3
Ne3 35. Bxe3 1-0

[Event "AUTO-ELITE-2575"]
[Site "http://www.queenalice.com/game.php?id=1854008"]
[Date "2025.3.16"]
[Round "1"]
[White "BeatifulDevil56"]
[Black "beteljeuxe"]
[Result "0-1"]
[WhiteElo "2206"]
[BlackElo "2474"]

1. e4 e5 2. Nc3 Nf6 3. d3 d5 4. exd5 Nxd5 5. Qe2 Nc6 6. Nf3 Bb4 7. Bd2 O-O 8.
Qd1 Bxc3 9. bxc3 Nf6 10. Be3 e4 11. Nd4 Ne5 12. Be2 Bg4 13. dxe4 Bxe2 14. Nxe2
Nxe4 15. Qd4 Qxd4 16. cxd4 Nc4 17. O-O Rfe8 18. Bf4 c6 19. Rfe1 h6 20. f3 Nf6
21. Nc3 Rxe1+ 22. Rxe1 Rd8 23. Be5 Nd5 24. Nxd5 Rxd5 25. c3 Ra5 26. Re2 Ra3 0-1

[Event "AUTO-ELITE-2576"]
[Site "http://www.queenalice.com/game.php?id=1854501"]
[Date "2025.3.26"]
[Round "1"]
[White "beteljeuxe"]
[Black "Sexxy_Bunny"]
[Result "1/2-1/2"]
[WhiteElo "2521"]
[BlackElo "2699"]

1. e4 c5 2. Nf3 d6 3. d4 cxd4 4. Nxd4 Nf6 5. Nc3 a6 6. Be3 e5 7. Nb3 Be6 8. f3
h5 9. Nd5 Bxd5 10. exd5 Nbd7 11. Qd2 g6 12. Be2 Bg7 13. O-O b6 14. c4 O-O 15.
Rae1 Re8 16. Kh1 Rc8 17. Qd1 a5 18. Nd2 Nc5 19. Bg5 Qd7 20. Qb1 e4 21. Bxf6 Bxf6
22. Nxe4 Nxe4 23. fxe4 Be5 24. Rf3 a4 25. Bd3 Rc7 26. Re2 Rec8 27. Rf1 Qe7 28.
Qe1 Kg7 29. Qf2 Qg5 30. Ree1 Qf6 31. Qxf6+ Bxf6 32. Rb1 h4 33. Rfd1 Kh6 34. Rf1
Kg5 35. Rf2 Bd4 36. Rf3 Re7 37. Rff1 Rce8 38. Rfd1 Bc5 39. Bc2 Rh8 40. Rf1 Bd4
41. Rfd1 Bf6 42. Bd3 Bd4 43. Bc2 Bf6 44. Bd3 Bd4 45. Bc2 1/2-1/2

[Event "AUTO-ELITE-2576"]
[Site "http://www.queenalice.com/game.php?id=1854503"]
[Date "2025.3.26"]
[Round "1"]
[White "beteljeuxe"]
[Black "CCapivara"]
[Result "1-0"]
[WhiteElo "2518"]
[BlackElo "2215"]

1. e4 d6 2. d4 Nf6 3. Nc3 c6 4. f4 Qa5 5. Bd3 e5 6. Nf3 Bg4 7. Be3 Nbd7 8. O-O
Be7 9. h3 exf4 10. Bxf4 Bh5 11. Qd2 O-O 12. Nd5 Qd8 13. Nxe7+ Qxe7 14. Nh4 Bg6
15. Rae1 Rfe8 16. Nf5 Bxf5 17. exf5 Qf8 18. Qb4 Nd5 19. Qxb7 Nxf4 20. Qxd7 Nxd3
21. cxd3 c5 22. f6 Rxe1 23. Rxe1 cxd4 24. Qg4 g6 25. Re7 Qh6 26. Qxd4 Qg5 27.
Qxd6 h5 28. Qc6 Rf8 29. Re8 Qh6 30. Kh1 Kh7 31. Qc7 Kg8 32. Qb8 Qc1+ 33. Kh2 Qc5
34. d4 Rxe8 35. Qxe8+ Qf8 36. Qxf8+ Kxf8 37. Kg3 Ke8 38. Kf4 1-0

[Event "AUTO-ELITE-2576"]
[Site "http://www.queenalice.com/game.php?id=1854504"]
[Date "2025.3.26"]
[Round "1"]
[White "CCapivara"]
[Black "beteljeuxe"]
[Result "0-1"]
[WhiteElo "2284"]
[BlackElo "2485"]

1. e4 e5 2. Nf3 Nc6 3. Bb5 a6 4. Bxc6 dxc6 5. O-O f6 6. d3 Bd6 7. h3 Ne7 8. c3
Be6 9. Be3 Qd7 10. Nbd2 O-O-O 11. d4 h6 12. b4 g5 13. Nh2 Bxb4 14. dxe5 Bxc3 15.
exf6 Ng6 16. Nb3 Bxf6 17. Nc5 Qxd1 18. Rfxd1 Bxa1 19. Rxa1 Bf7 20. a4 a5 21. Ng4
b6 22. Nb3 Bxb3 0-1

[Event "AUTO-ELITE-2577"]
[Site "http://www.queenalice.com/game.php?id=1854663"]
[Date "2025.3.28"]
[Round "1"]
[White "beteljeuxe"]
[Black "BeatifulDevil56"]
[Result "1-0"]
[WhiteElo "2517"]
[BlackElo "2169"]

1. e4 e5 2. Nf3 d6 3. d4 f6 4. Bc4 Bg4 5. h3 Bd7 6. O-O Ne7 7. Nc3 Qc8 8. Be3 a6
9. a3 Nbc6 10. Qe2 Bxh3 11. gxh3 Qxh3 12. dxe5 dxe5 13. Rfd1 Ng6 14. Qf1 Qxf1+
15. Bxf1 Nf4 16. Nd5 Nxd5 17. exd5 Ne7 18. Bh3 Rd8 19. Be6 Ng6 20. c4 b6 21. b4
Nf4 22. Bxf4 exf4 23. Rac1 f5 24. Ne5 Be7 25. c5 1-0

[Event "AUTO-ELITE-2577"]
[Site "http://www.queenalice.com/game.php?id=1854664"]
[Date "2025.3.28"]
[Round "1"]
[White "BeatifulDevil56"]
[Black "beteljeuxe"]
[Result "0-1"]
[WhiteElo "2136"]
[BlackElo "2492"]

1. c4 e5 2. g3 Nf6 3. Bg2 d5 4. cxd5 Nxd5 5. Qa4+ Nc6 6. Nc3 Be6 7. Qb5 a6 8.
Qd3 Nd4 9. a3 Nxc3 10. bxc3 Bf5 11. e4 Nb3 12. Qxd8+ Rxd8 13. Rb1 Be6 14. Ne2 b5
15. O-O Nxd2 16. Bxd2 Rxd2 17. Nc1 Bxa3 18. Nb3 Rd3 19. Ra1 b4 0-1

[Event "AUTO-ELITE-2577"]
[Site "http://www.queenalice.com/game.php?id=1854665"]
[Date "2025.3.28"]
[Round "1"]
[White "beteljeuxe"]
[Black "trompmaster"]
[Result "1-0"]
[WhiteElo "2529"]
[BlackElo "2342"]

1. e4 d6 2. d4 Nf6 3. Nc3 e5 4. Nf3 Nbd7 5. Bc4 h6 6. O-O Be7 7. a4 c6 8. Re1
Qc7 9. h3 g5 10. a5 Nf8 11. d5 Ng6 12. a6 b5 13. Bb3 b4 14. Ba4 Bd7 15. dxc6
Bxc6 16. Nd5 Nxd5 17. Qxd5 Rc8 18. Be3 O-O 19. Bxc6 Qxc6 20. Bxa7 Qxd5 21. exd5
Rxc2 22. Be3 Ra8 23. a7 Bf8 24. Rec1 Rxc1+ 25. Rxc1 e4 26. Rc4 exf3 27. Rxb4
fxg2 28. Rb8 Rxa7 29. Bxa7 f5 30. b4 Nf4 31. Be3 Nxd5 32. b5 Kf7 33. b6 Nxb6 34.
Rxb6 f4 35. Bd2 Ke6 36. Kxg2 Bg7 37. Bb4 Be5 38. Kf3 Kd5 39. Rb7 h5 40. Rh7 Kc4
41. Ba5 g4+ 42. hxg4 hxg4+ 43. Kxg4 1-0

[Event "AUTO-ELITE-2577"]
[Site "http://www.queenalice.com/game.php?id=1854666"]
[Date "2025.3.28"]
[Round "1"]
[White "trompmaster"]
[Black "beteljeuxe"]
[Result "0-1"]
[WhiteElo "2355"]
[BlackElo "2542"]

1. d4 Nf6 2. Nf3 g6 3. c4 Bg7 4. g3 O-O 5. Bg2 d6 6. O-O Nc6 7. Nc3 a6 8. d5 Na5
9. Nd2 c5 10. Qc2 Rb8 11. a4 e5 12. e4 Ng4 13. h3 Nf6 14. b3 Bh6 15. Ra3 b6 16.
Bb2 Bd7 17. g4 Bg7 18. Ne2 h5 19. g5 Nh7 20. f4 h4 21. Qc3 f6 22. b4 Nb7 23.
bxc5 Nxc5 24. gxf6 Bxf6 25. Qc2 exf4 26. Rxf4 Bxb2 27. Rxf8+ Qxf8 28. Qxb2 Re8
29. Qxb6 Ng5 30. Qb1 Qf6 31. Qf1 Qxf1+ 32. Nxf1 Ncxe4 33. Nd4 Rc8 34. Nc6 Rf8
35. Nd4 Rf4 36. Ne2 Rf6 37. Nd4 Kg7 38. Re3 Nc5 39. Nd2 Bxa4 40. N2b3 Rf4 41.
Nxc5 dxc5 42. Ne6+ Nxe6 43. Rxe6 a5 44. Ra6 Rxc4 45. Rxa5 Bb3 46. Bf3 Rc3 47.
Kf2 Bc2 48. Bg4 Bf5 49. Bxf5 gxf5 50. Ra1 Kf6 51. d6 c4 52. Re1 Rd3 53. Re7 Rxd6
54. Rc7 Rd4 55. Kf3 Ke6 56. Rc5 Re4 57. Rb5 Re5 58. Rb1 c3 59. Rc1 Rc5 60. Ke2
c2 61. Kd3 Ke5 62. Kd2 Kd4 63. Ke2 Rc3 64. Kd2 f4 65. Ke2 Rxh3 66. Ra1 f3+ 67.
Kf2 Kc3 0-1

[Event "AUTO-ELITE-2574"]
[Site "http://www.queenalice.com/game.php?id=1858404"]
[Date "2025.6.6"]
[Round "2"]
[White "beteljeuxe"]
[Black "gizmokaka"]
[Result "1/2-1/2"]
[WhiteElo "2548"]
[BlackElo "2818"]

1. e4 e5 2. Nf3 Nc6 3. Bc4 Bc5 4. c3 Nf6 5. d3 d6 6. O-O a5 7. Re1 h6 8. Nbd2
O-O 9. Nf1 Bb6 10. Ng3 Be6 11. Bb5 Nh7 12. h3 Ng5 13. Nxg5 hxg5 14. d4 exd4 15.
Bxc6 bxc6 16. cxd4 c5 17. d5 Bd7 18. Bd2 a4 19. Bc3 Ba5 20. Rb1 Bxc3 21. bxc3
Qe7 22. Qd3 Rfb8 23. Rxb8+ Rxb8 24. Rb1 Qe8 25. c4 Kf8 26. Rxb8 Qxb8 27. Qd2 f6
28. Qa5 Ke7 29. Nf5+ Bxf5 30. exf5 Qb6 31. Qe1+ Kd8 32. Qe6 Qb1+ 33. Kh2 Qxa2
34. Qg8+ Kd7 35. Qe6+ Kd8 36. Qg8+ Kd7 37. Qe6+ Kd8 1/2-1/2

[Event "AUTO-ELITE-2572"]
[Site "http://www.queenalice.com/game.php?id=1858410"]
[Date "2025.6.6"]
[Round "2"]
[White "beteljeuxe"]
[Black "Sexxy_Bunny"]
[Result "1/2-1/2"]
[WhiteElo "2549"]
[BlackElo "2657"]

1. e4 c5 2. Nf3 d6 3. d4 cxd4 4. Nxd4 Nf6 5. Nc3 a6 6. Be3 e5 7. Nb3 Be6 8. f3
h5 9. Qd2 Nbd7 10. Nd5 Bxd5 11. exd5 g6 12. Be2 Bg7 13. O-O b6 14. c4 O-O 15.
Rae1 Re8 16. Kh1 Rc8 17. Qd1 a5 18. Nd2 Nc5 19. b3 e4 20. f4 Qd7 21. a4 Ng4 22.
Bxg4 Qxg4 23. Qxg4 hxg4 24. Bxc5 bxc5 25. Nxe4 Rcd8 26. g3 Kf8 27. h3 gxh3 28.
Kh2 Rd7 29. Ng5 Rb8 30. Rf3 Bd4 31. Kxh3 Rdb7 32. f5 Rxb3 33. fxg6 Rxf3 34. Nxf3
fxg6 35. Re6 Rb4 36. Rxd6 Rxc4 37. Rxg6 Rxa4 38. Kg4 Ke7 39. Kf5 Ra2 40. Nxd4
cxd4 41. Ke4 Rd2 42. Ra6 Rg2 43. Rg6 Kf7 44. Ra6 Rxg3 45. Kxd4 Ra3 46. d6 Ke6
47. d7+ Kxd7 48. Rb6 a4 49. Rb7+ Kc6 50. Ra7 Kb5 51. Rb7+ Kc6 52. Rb1 Rg3 53.
Ra1 Kb5 54. Rb1+ Rb3 55. Rxb3+ axb3 56. Kc3 Ka4 57. Kb2 Kb4 58. Kb1 Kc3 59. Ka1
b2+ 60. Kb1 Kb3 1/2-1/2

[Event "AUTO-OPEN-4574"]
[Site "http://www.queenalice.com/game.php?id=1858663"]
[Date "2025.6.11"]
[Round "2"]
[White "beteljeuxe"]
[Black "pizzaiolo72"]
[Result "1-0"]
[WhiteElo "2533"]
[BlackElo "2025"]

1. e4 Nf6 2. e5 Nd5 3. d4 d6 4. Nf3 g6 5. Bc4 Nb6 6. Bb3 d5 7. c3 Bg4 8. O-O Bg7
9. Re1 e6 10. Nbd2 O-O 11. h3 Bxf3 12. Nxf3 a5 13. Bg5 Qc8 14. h4 h6 15. Be7 Re8
16. Ba3 N8d7 17. h5 g5 18. Qd3 f5 19. exf6 Nxf6 20. Qg6 Ne4 21. Ne5 c5 22. Rxe4
dxe4 23. Ng4 Nd5 24. Nxh6+ Kh8 25. Nf7+ Kg8 26. h6 1-0

[Event "AUTO-OPEN-4574"]
[Site "http://www.queenalice.com/game.php?id=1858664"]
[Date "2025.6.11"]
[Round "2"]
[White "pizzaiolo72"]
[Black "beteljeuxe"]
[Result "0-1"]
[WhiteElo "2023"]
[BlackElo "2537"]

1. e4 e5 2. Nf3 Nc6 3. Bb5 a6 4. Ba4 Nf6 5. O-O Be7 6. Re1 b5 7. Bb3 O-O 8. c3
d5 9. d3 dxe4 10. dxe4 Qxd1 11. Bxd1 h6 12. Nbd2 Be6 13. Nb3 Rfd8 14. Be3 Nxe4
15. Bxh6 Nxc3 16. bxc3 gxh6 17. Nxe5 Nxe5 18. Rxe5 Bf6 19. Rc5 b4 20. Rxc7 Bxc3
21. Rb1 a5 22. Bf3 a4 23. Bxa8 axb3 24. axb3 Rxa8 25. g3 Ra2 26. Kf1 Bh3+ 27.
Kg1 Bd4 28. Rc4 Bxf2+ 29. Kh1 Ba7 30. Rg1 Bg2+ 31. Rxg2 Ra1+ 0-1

[Event "AUTO-MASTER-3252"]
[Site "http://www.queenalice.com/game.php?id=1860439"]
[Date "2025.7.24"]
[Round "2"]
[White "CCapivara"]
[Black "beteljeuxe"]
[Result "0-1"]
[WhiteElo "2263"]
[BlackElo "2531"]

1. e4 e5 2. Nf3 Nc6 3. Bb5 a6 4. Bxc6 dxc6 5. O-O f6 6. d3 Bd6 7. Be3 Ne7 8.
Nbd2 O-O 9. Nc4 Be6 10. Nxd6 cxd6 11. Nd2 d5 12. d4 exd4 13. Bxd4 Ng6 14. exd5
Qxd5 15. Nb3 Nf4 16. f3 Qg5 17. g3 Bxb3 18. axb3 Rad8 19. Kh1 Ne6 20. Ra4 c5 21.
f4 Qd5+ 22. Kg1 Nxd4 0-1

[Event "AUTO-MASTER-3252"]
[Site "http://www.queenalice.com/game.php?id=1860440"]
[Date "2025.7.24"]
[Round "2"]
[White "beteljeuxe"]
[Black "CCapivara"]
[Result "1-0"]
[WhiteElo "2534"]
[BlackElo "2299"]

1. e4 d6 2. d4 Nf6 3. Nc3 c6 4. f4 Qa5 5. Bd3 e5 6. Nf3 Bg4 7. Be3 Nbd7 8. O-O
Be7 9. h3 exf4 10. Bxf4 Bh5 11. Qd2 O-O 12. Nd5 Qd8 13. Nxe7+ Qxe7 14. Nh4 Bg6
15. Rae1 Rad8 16. Nf5 Qe6 17. d5 Bxf5 18. dxe6 Bxe6 19. Bxd6 1-0

[Event "AUTO-MASTER-3254"]
[Site "http://www.queenalice.com/game.php?id=1861203"]
[Date "2025.8.6"]
[Round "2"]
[White "beteljeuxe"]
[Black "Pin"]
[Result "1-0"]
[WhiteElo "2546"]
[BlackElo "1976"]

1. e4 c5 2. Nf3 d6 3. d4 cxd4 4. Nxd4 Nf6 5. Nc3 a6 6. Be3 e5 7. Nb3 Be7 8. f3
Be6 9. Qd2 Nbd7 10. g4 O-O 11. O-O-O b5 12. g5 Nh5 13. Nd5 Bxd5 14. exd5 Re8 15.
Na5 Bf8 16. Nc6 Qc7 17. Bh3 Nb8 18. Na5 g6 19. Bg4 Ng7 20. h4 Nf5 21. Bf2 h6 22.
h5 Rc8 23. hxg6 fxg6 24. Bxf5 gxf5 25. gxh6 Kh7 26. Rdg1 f4 27. Qd3+ Kh8 28.
Rg8+ Kxg8 29. Qf5 Nd7 30. Qg6+ Kh8 31. Nc6 Nb8 32. Rg1 Qh7 33. Qf6+ 1-0

[Event "AUTO-MASTER-3254"]
[Site "http://www.queenalice.com/game.php?id=1861204"]
[Date "2025.8.6"]
[Round "2"]
[White "Pin"]
[Black "beteljeuxe"]
[Result "0-1"]
[WhiteElo "1974"]
[BlackElo "2547"]

1. d4 Nf6 2. Nf3 e6 3. e3 b6 4. c4 Bb7 5. Nc3 Bb4 6. Bd3 O-O 7. O-O d5 8. a3 Bd6
9. b3 Nbd7 10. Bb2 c5 11. cxd5 exd5 12. Rc1 Re8 13. Re1 a6 14. dxc5 bxc5 15. Na4
Qe7 16. Bb1 g6 17. Nd2 Rab8 18. Nf1 a5 19. Ng3 Bc6 20. Nc3 c4 21. Ba1 cxb3 22.
Bb2 Bxa3 23. Bxa3 Qxa3 24. Nce2 Bb5 25. Nd4 Bc4 26. Nge2 a4 27. Rc3 Qb2 28. h3
Nc5 29. Nf4 Qxc3 30. Nc6 Rb6 31. Nd4 a3 32. Nfe2 Qa5 0-1

[Event "AUTO-OPEN-4581"]
[Site "http://www.queenalice.com/game.php?id=1863140"]
[Date "2025.9.19"]
[Round "2"]
[White "beteljeuxe"]
[Black "Nino75"]
[Result "1-0"]
[WhiteElo "2547"]
[BlackElo "2032"]

1. e4 e5 2. Nf3 Nc6 3. Bc4 Nf6 4. d3 Bc5 5. O-O Na5 6. Nxe5 Nxc4 7. Nxc4 d5 8.
exd5 O-O 9. Bg5 h6 10. Bxf6 Qxf6 11. Nc3 a6 12. Ne4 Qd4 13. Qf3 b5 14. c3 Bg4
15. Qxg4 Qxd5 16. Nf6+ 1-0

[Event "AUTO-OPEN-4581"]
[Site "http://www.queenalice.com/game.php?id=1863141"]
[Date "2025.9.19"]
[Round "2"]
[White "Nino75"]
[Black "beteljeuxe"]
[Result "0-1"]
[WhiteElo "2030"]
[BlackElo "2548"]

1. e4 e5 2. Bc4 Nf6 3. Nc3 Nc6 4. a3 Nxe4 5. Bxf7+ Kxf7 6. Nxe4 d5 7. Qf3+ Ke6
8. Ng3 Bc5 9. c3 Rf8 10. Qg4+ Kf7 11. Qh5+ Kg8 12. Nf3 g6 13. Qh6 e4 14. Ng5
Bxf2+ 15. Kd1 Qe7 16. Rf1 Bd7 0-1

[Event "AUTO-OPEN-4581"]
[Site "http://www.queenalice.com/game.php?id=1863142"]
[Date "2025.9.19"]
[Round "2"]
[White "beteljeuxe"]
[Black "chessman"]
[Result "1-0"]
[WhiteElo "2553"]
[BlackElo "2001"]

1. e4 e6 2. d4 d5 3. Nc3 dxe4 4. Nxe4 Nd7 5. Nf3 Ngf6 6. Nxf6+ Nxf6 7. Bd3 Bd6
8. O-O O-O 9. Qe2 a6 10. Bg5 Be7 11. Rfe1 Bd7 12. Ne5 Nd5 13. Bd2 Nf6 14. Rad1
Re8 15. g4 Nd5 16. c4 Nb6 17. Qe4 g6 18. Qxb7 a5 19. Qf3 f6 20. Nxd7 Qxd7 21.
Be4 Rab8 22. Bc6 Qd8 23. Bxe8 Qxe8 24. Rxe6 Nxc4 25. Qd5 1-0

[Event "AUTO-OPEN-4581"]
[Site "http://www.queenalice.com/game.php?id=1863143"]
[Date "2025.9.19"]
[Round "2"]
[White "chessman"]
[Black "beteljeuxe"]
[Result "0-1"]
[WhiteElo "2088"]
[BlackElo "2541"]

1. e4 e5 2. Nf3 Nc6 3. Bb5 a6 4. Ba4 Nf6 5. Qe2 b5 6. Bb3 Bc5 7. c3 O-O 8. d4
exd4 9. e5 Re8 10. cxd4 Nxd4 11. Nxd4 Bxd4 12. O-O Bxe5 13. Qf3 d5 14. Nc3 Bg4
15. Qd3 c5 16. Qd2 d4 0-1